| 000 | 00633 a2200181 4500 | ||
|---|---|---|---|
| 020 | _a3540252789 | ||
| 020 | _a9783540252788 | ||
| 082 | _a530.413 | ||
| 090 |
_c1200 _d1200 |
||
| 100 | 1 | _aStrobl, Gert R. | |
| 245 | 1 | 4 |
_aThe physics of polymers : _bconcepts for understanding their structures and behavior / _cGert R. Strobl. |
| 250 | _a3rd rev. and exp. ed. | ||
| 260 |
_a[S.l.] : _bSpringer, _c2007. |
||
| 300 |
_a532 p. ; _c25 cm. |
||
| 700 | _aStrobl, Gert R. | ||
| 942 |
_aSNS _cBK _k530.413 STR |
||
| 999 |
_c29813 _d29813 |
||